|
|
|
|
| LEADER |
00000nam a22000007a 4500 |
| 005 |
20170604230655.0 |
| 007 |
cr|||| |||| |
| 008 |
170604s2016 br |||||s|||| 00||0 por d |
| 020 |
|
|
|a 978-85-63265-70-8
|
| 035 |
|
|
|a 20323
|
| 040 |
|
|
|a vLex
|
| 090 |
|
|
|c 6748
|d 6748
|
| 245 |
0 |
0 |
|a Cadernos FGV Direito Rio
|h [Recurso electrn̤ico] :
|b Sřie Cln̕icas. Educaȯ̂ e Direito
|n Vol 7
|
| 256 |
|
|
|a Servicio en ln̕ea
|
| 260 |
|
|
|a Rio de Janeiro:
|b FGV - Direito Rio,
|c 2016
|
| 300 |
|
|
|a 1 recurso electrn̤ico (67 p.)
|
| 490 |
|
0 |
|a Cadernos FGV Direito Rio - Sřie Cln̕icas. Educaȯ̂ e Direito
|
| 500 |
|
|
|a Direito e regulaȯ̂ das concesse̳s verdes: Possibilidade de alteraȯ̂ de indicadores classificatr̤ios de desempenho de contrato de concessô florestal.
|
| 506 |
1 |
|
|a Disponible solo en los productos indicados
|d vLex Global
|d vLex Global (Academic Edition, excluding Law Schools)
|d vLex Global (U.S. Academic Edition, Law Schools)
|d vLex Global (U.S. Academic Edition, excluding Law Schools)
|d vLex Global (Academic Edition, Law Schools)
|
| 650 |
0 |
4 |
|a Derecho Civil
|z Brasil
|
| 650 |
0 |
4 |
|a Derecho del Medio Ambiente
|z Brasil
|
| 740 |
0 |
|
|a vLex Libros (Servicio en ln̕ea)
|
| 856 |
4 |
0 |
|u http://vlex.com/source/cadernos-fgv-direito-rio-serie-clinicas-educa-o-direito-vol-7-20323
|z Acceso restringido
|
| 942 |
|
|
|c BOOK
|
| 999 |
0 |
|
|a Civil Law
|
| 999 |
0 |
|
|a Environmental Law
|